| 000 | 00371 a2200085 4500 | ||
|---|---|---|---|
| 999 |
_c20606 _d20606 |
||
| 003 | WA 310 | ||
| 005 | 20220308092305.0 | ||
| 008 | 220308s1999 pl ||||| |||| 00| 0 pol d | ||
| 020 | _a832364246X | ||
| 040 |
_aWA 310 _cWA 310 |
||
| 041 |
_apol _heng |
||
| 245 | 0 | 0 |
_aAkustyka - Wyznaczanie poziomów mocy akustycznej źródeł hałasu na podstawie pomiarów natężenia dźwięku - Metoda stałych punktów pomiarowych = _bAcoustics - Determination of sound power levels of noise sources using sound intensity - Part 1: Measurements at discrete points PN-EN ISO 9614-1:1999P / _cNKP nr 157. |
| 246 | 1 | 3 | _aPN-EN ISO 9614-1 |
| 246 | 1 | 3 | _aICS 17.140.01 |
| 246 | 3 | 1 | _aAcoustics - Determination of sound power levels of noise sources using sound intensity - Part 1: Measurements at discrete points (ISO 9614-1:1993) |
| 260 |
_aWarszawa : _bPKN, _c1999. |
||
| 300 |
_a24 stron ; _c30 cm. |
||
| 336 |
_2rdacontent _aTekst _btxt |
||
| 337 |
_2rdamedia _aBez urządzenia pośredniczącego _bn |
||
| 338 |
_2rdacarrier _aWolumin _bnc |
||
| 500 | _aWprowadza EN ISO 9614-1:1995, IDT, ISO 9614-1:1993, IDT ; Ustanowiona przez Polski Komitet Normalizacyjny dnia 30grudnia 1999 r. | ||
| 590 | _6Status: wycofana ; Zastąpiona przez PN-EN ISO 9614-1:2010 wersja angielska. | ||
| 710 |
_91107 _aPolska. _bPolski Komitet Normalizacyjny. _eInstytucja sprawcza |
||
| 920 | _a83-236-4246-X | ||
| 942 |
_2ddc _cBK |
||